|
|
|
|
| LEADER |
01057nam a2200253 i 4500 |
| 001 |
c000307926 |
| 003 |
CARM |
| 005 |
00000000000000.0 |
| 008 |
840316s1976 ii 0 eng d |
| 019 |
1 |
|
|a 1061544
|5 LACONCORD2021
|
| 035 |
|
|
|a (OCoLC)3517396
|5 LACONCORD2021
|
| 082 |
0 |
4 |
|a 630.7150954
|
| 100 |
1 |
|
|a Prasad, Awadh,
|d 1944-
|
| 245 |
1 |
4 |
|a The block development officer :
|b a portrait of bureaucracy in India /
|c Awadhesh Prasad.
|
| 246 |
3 |
|
|a Portrait of bureaucracy in India
|
| 260 |
|
|
|a Patna :
|b Associated Book Agency,
|c 1976.
|
| 300 |
|
|
|a 265 p.
|
| 500 |
|
|
|a Title on spine: A portrait of bureaucracy in India.
|
| 504 |
|
|
|a Includes bibliographical references.
|
| 650 |
|
0 |
|a Agricultural extension work
|z India
|x Officials and employees.
|
| 650 |
|
0 |
|a Community development
|z India
|x Officials and employees.
|
| 852 |
8 |
|
|b CARM
|h A2:AB29h0
|i B10681
|p 0506599
|f BK
|
| 999 |
f |
f |
|i 228d4ac9-6686-5e28-be0b-c01e57cfa6ca
|s 8c308354-6c29-5f35-a342-5c2e76b8fa69
|
| 952 |
f |
f |
|p Can circulate
|a CAVAL
|b CAVAL
|c CAVAL
|d CARM 1 Store
|e B10681
|f A2:AB29h0
|h Other scheme
|i book
|m 0506599
|